| 000 | 01146nam a2200313 i 4500 | ||
|---|---|---|---|
| 003 | EG-GICUC | ||
| 005 | 20260204000239.0 | ||
| 008 | 260203s2003 ua ||||| |||| 00| 0 ara d | ||
| 020 | _a977-04-4175-9 | ||
| 040 |
_a EG-GICUC _bara _c EG-GICUC _d EG-GICUC _erda |
||
| 043 | _aua# | ||
| 082 | 0 | 4 |
_221 _a341.83 _bح س . ج |
| 092 | 0 | 4 |
_221 _a341.83 |
| 099 | _aLaw1 12 341.83 ح س . ج 2003 | ||
| 100 | 0 |
_aحسام الدين فتحى ناصف. _eمؤلف. |
|
| 245 |
_aالجنسية و مركز الأجانب فى القانون الكويتى / _cحسام الدين فتحى ناصف. |
||
| 264 |
_aالقاهرة : _bدار النهضة العربية، _c2003. |
||
| 300 |
_a550 صفحة _c24 سم |
||
| 336 |
_2rda content _atext |
||
| 337 |
_2rda media _aComputer |
||
| 338 |
_2rda carrier _aOnline Resource |
||
| 504 | _aيشتمل على إرجاعات ببليوجرافية | ||
| 650 | 1 |
_aالأجانب - _xمركز قانونى _2qrmak |
|
| 650 | 1 | _aالقانون الدولى الخاص | |
| 651 | 1 | _2qrmak | |
| 856 | 4 | 0 | _uhttps://fll.law.cu.edu.eg/fulltext/bks/B12-01729.pdf |
| 905 | _a15 | ||
| 942 |
_2ddc _cBK _e21 _n0 |
||
| 999 |
_c60841 _d60841 |
||